00241nam a2200097Ia 4500008004100000100001800041245004100059260002200100260000900122546001200131170619s9999 xx 000 0 und d aRender- Barry 0aQuantitative analysis for management bNew Delhi Pearson c2004 aENGLISH